| 000 | 01195nam a22002897a 4500 | ||
|---|---|---|---|
| 005 | 20120911114219.0 | ||
| 008 | 120911t xxu||||| |||| 00| 0 eng d | ||
| 010 | _aENG-105841 | ||
| 020 | _c150.00 | ||
| 035 | _aEN-89374 | ||
| 037 | _bDBAD/PUB | ||
| 040 |
_aDPL _bEnglish |
||
| 082 | _a658.4730954 | ||
| 245 | 0 | 4 |
_aThe Satyam saga / _cby Bhupesh Bhandari ... [et al] |
| 260 |
_aNew Delhi _bB.S. Books _c2009 |
||
| 270 |
_aNehru House, 4 Bahadur Shah Zafar Marg _bNew Delhi _e110002 |
||
| 300 |
_axi,186p. _c23cm(pbk) |
||
| 520 | _aOn Satyam Computer Services scam-- | ||
| 600 | 1 | 0 |
_aRamalinga Raju, B. _q(Byrraju), _d1954- _952193 |
| 610 | 2 | 0 |
_aSatyam Computer Services Ltd. _xCorrupt practices. _952194 |
| 650 | 0 |
_aAccounting fraud _zIndia. _952195 |
|
| 650 | 0 |
_aComputer software industry _zIndia. _952196 |
|
| 700 | 1 |
_aBhandari, Bhupesh. _952197 |
|
| 942 |
_2ddc _cEN _h658.4730954 _mSAT |
||
| 999 |
_c69860 _d69860 |
||